| 000 | 00924cam a2200277 4500 | ||
|---|---|---|---|
| 008 | 020204n 000 0 eng u | ||
| 020 | _a0566082764 | ||
| 035 | _a(Sirsi) u116585 | ||
| 050 | _a344.4109944 | ||
| 100 | _aSingleton, S. | ||
| 245 | _aeCommerce : a practical guide to the law | ||
| 260 |
_aAldershot _bGower $2 001 |
||
| 300 |
_axiii,140p. _c25cm. |
||
| 350 | _a45.00 | ||
| 520 | _aProvides a summary of the legal issues surrounding electronic commerce. Includes chapters on the use of email and the internet at work, intellectual copyright, jurisdiction and advertising on the internet, and contracting on the internet. | ||
| 650 | _aE-COMMERCE | ||
| 650 | _aE-COMMERCE DIRECTIVE | ||
| 650 | _aELECTRONIC COMMERCE | ||
| 650 | _aELECTRONIC CONTRACTS | ||
| 650 | _aE-MAIL | ||
| 650 | _aINTELLECTUAL PROPERTY | ||
| 650 | _aINTERNET | ||
| 650 | _aJURISDICTION | ||
| 690 | _aLAW-UK | ||
| 942 | _n0 | ||
| 999 |
_c101883 _d101883 |
||